Vágner family

Other Authors: Vágner, Karel, 1942-
Language: Czech
Published: Praha : Multisonic, p2011
Physical Description: 1 DVD-video (93:11)
Slide
Saved in:
LEADER 01582ngm a2200445 a 4500
001 001298776
003 CZ BrMZK
005 20140905152051.0
007 vd|c|||||
008 130604s2011 xr e v|cze
024 1 |a 741941082099 
028 4 1 |a 31 0820-9  |b Multisonic 
040 |a BOA001  |b cze 
043 |a e-xr---  |b e-xr-pg  |2 czenas 
045 |a x1x1 
072 7 |a 785  |x Instrumentální hudba. Symfonická hudba. Hudba pro více nástrojů  |2 Konspekt  |9 9 
080 |a 785.16.071  |2 MRF 
080 |a 78.091  |2 MRF 
080 |a (437.3)  |2 MRF 
080 |a (437.311)  |2 MRF 
080 |a (0.034.44)  |2 MRF 
245 0 0 |a Vágner family  |h [videozáznam] /  |c scénář a režie Karel Vágner 
260 |a Praha :  |b Multisonic,  |c p2011 
300 |a 1 DVD-video (93:11) 
508 |a Zvuk Martin Nikl a další 
511 0 |a Účinkují Karel Vágner a další 
518 |a Natočeno v Branickém divadle 
600 3 7 |a Vágnerovi (rodina)  |7 mzk2013768834  |2 czenas 
648 7 |a 21. století  |7 ch460559 
648 4 |a 2011 
650 0 7 |a hudební skupiny  |z Česko  |y 21. stol.  |7 ph120924  |2 czenas 
650 0 7 |a koncerty  |7 ph121790  |z Česko  |y 21. stol.  |2 czenas 
655 7 |a DVD  |7 fd186912  |2 czenas 
610 2 7 |a Vágner family (hudební skupina)  |7 mzk2013768843 
651 7 |a Praha (Česko)  |7 ge118011  |2 czenas 
700 1 |a Vágner, Karel,  |d 1942-  |7 jn19990209971  |4 drt  |4 sce  |4 sng 
910 |a BOA001  |b CDR2-1306.507 
990 |a VI 
991 |b 201306  |e n 
996 6 |b 2610552106  |c CDR2-1306.507  |l Stud. periodik/2.patro  |r Sklad / do 1 hodiny  |n 0  |p p.v.  |w 001333650  |u 000010  |a 1  |e BOA001  |j MZK50  |s P